Workbook to accompany?Que tal? (Бичлэгийн дугаар. 145331)
| 000 -УДИРДЛАГА | |
|---|---|
| Удирдлага | 00685nam a22002417a 4500 |
| 003 - ХЯНАЛТЫН ТОО ТОДОРХОЙЛОГЧ | |
| Код | MN-UlNUM |
| 005 - БИЧИЛТ ХИЙСЭН ОГНОО | |
| Тухайн бичилтийг бичсэн засварласан сүүлийн огноо | 20251202105832.0 |
| 008 - ЕРӨНХИЙ МЭДЭЭЛЭЛ | |
| Ерөнхий мэдээлэл | 251105s1987 nyu||||| |||| 00| 0 spa d |
| 020 ## - ISBN | |
| ISBN | 0075549190 |
| 040 ## - БИЧЛЭГ ҮҮСГЭГЧ БАЙГУУЛЛАГА | |
| Бичлэг үүсгэгч номын сангийн код | МУИС-ийн номын сан |
| 084 ## - ББК АНГИЛАЛ | |
| Нэмэлт тусгалт | Сурах бичиг |
| ББК ангилал | 81.2Spa |
| Зохиогчийн гурван тэмдэгт | A 70 |
| Мэдлэгийн ялгаа | 81 - Хэл шинжлэл |
| 100 ## - ЗОХИОГЧ | |
| Зохиогчийн нэр | Arana, Alice A. |
| 245 ## - ҮНДСЭН ГАРЧИГ | |
| Номын нэр | Workbook to accompany?Que tal? |
| Бага гарчгийн мэдээ | An introductory course |
| Оролцогчдын тухай мэдээ | Alice A. Arana, Oswaldo Arana |
| 260 ## - ГАРАЛТЫН МЭДЭЭ | |
| Хэвлэгдсэн газар | New York |
| Хэвлэлийн газар | Random House |
| Хэвлэгдсэн он | 1987 |
| 300 ## - МАТЕРИАЛЫН ТОДОРХОЙЛОЛТ | |
| хуудасны тоо | 250 p. |
| 500 ## - Тайлбар | |
| Дансны дугаар | БС 5659 |
| 546 ## - ХЭЛНИЙ ТУХАЙ МЭДЭЭ | |
| Хэл | Англи хэл дээр, |
| 653 ## - Түлхүүр үг | |
| Түлхүүр үг | Spanish language |
| 653 ## - Түлхүүр үг | |
| Түлхүүр үг | textbooks for foreign speakers |
| 653 ## - Түлхүүр үг | |
| Түлхүүр үг | handbooks, manuals |
| 700 ## - ХАМ ЗОХИОГЧИД | |
| Ба бус | Arana, Oswaldo |
| Dates associated with a name | 1925- |
| 942 ## - ЭЛЕМЕНТИЙН ТӨРӨЛ | |
| Зүйлийн төрөл | Ном |
